书目信息 |
| 题名: |
四书五经
|
|
| 作者: | 袁祖社 编 | |
| 分册: | 叁 | |
| 出版信息: | 北京 中国线装书局 2001.12 |
|
| 页数: | 485页 | |
| 开本: | 25cm | |
| 丛书名: | ||
| 单 册: | ||
| 中图分类: | B222.1 | |
| 科图分类: | ||
| 主题词: | 先秦哲学 | |
| 电子资源: | ||
| ISBN: | 7-80106-167-5 | |
| 000 | 00527nam0 2200181 450 | |
| 001 | 2660834921 | |
| 005 | 20260407163423.13 | |
| 010 | @a7-80106-167-5@dCNY245.00 | |
| 100 | @a20260407d2001 km y0chiy0120 ea | |
| 101 | 0 | @achi |
| 200 | 1 | @a四书五经@ASi Shu Wu Jing@h叁@f袁祖社编@FYuan Zu She Bian |
| 210 | @a北京@c中国线装书局@d2001.12 | |
| 215 | @a485页@d25cm | |
| 606 | 0 | @a先秦哲学 |
| 690 | @aB222.1@v4 | |
| 701 | 0 | @a袁祖社@AYuan Zu She@4编 |
| 801 | 0 | @aCN@b大连网信软件有限公司图书馆·11@c20260407 |
| 905 | @aZUCC@dB222.1@e1172:3 | |
| 四书五经.叁/袁祖社编.-北京:中国线装书局,2001.12 |
| 485页;25cm |
| ISBN 7-80106-167-5:CNY245.00 |
| ● |
| 相关链接 |
|
|
|
|
正题名:四书五经
索取号:B222.1/1172:3
 
预约/预借
| 序号 | 登录号 | 条形码 | 馆藏地/架位号 | 状态 | 备注 |
| 1 | 1442561 | 214425610 | 第一样本阅览室/ [索取号:B222.1/1172:3] | 在馆 |